000 00356 a2200157 4500
001 147491
040 _cEscola São Tomás de Aquino
100 _aD´AQUINO, Cássia
240 1 0 _aGanhei um dinheirinho
_lpor
245 1 0 _aGanhei um dinheirinho
300 _a45
362 0 _a2010
440 1 _aModerna
697 _a*LITERATURA INFANTO
942 _cBK
999 _c147491
_d147491